PEPP - Paneurópsky osobný dôchodkový produkt
Budúcnosť dôchodkov so značkou Európskej únie. Kto bude môcť PEPP poskytovať. Prenosnosť produktu. Investičné možnosti v záujme sporiteľov. Podmienky sporiacej a výplatnej fázy. Otázka krytia biometrických rizík. Nárok sporiteľov na informácie.
Gespeichert in:
| 1. Verfasser: | |
|---|---|
| Format: | Buchkapitel |
| Sprache: | Slowakisch |
| Schlagworte: | |
| Tags: |
Keine Tags, Fügen Sie das erste Tag hinzu!
|
MARC
| LEADER | 00000naa a2200000 4500 | ||
|---|---|---|---|
| 001 | 0249746 | ||
| 005 | 20190103131705.3 | ||
| 041 | 0 | |a slo | |
| 044 | |a SK | ||
| 245 | 1 | 0 | |a PEPP - Paneurópsky osobný dôchodkový produkt |c Monika Jurkovičová |
| 520 | |a Budúcnosť dôchodkov so značkou Európskej únie. Kto bude môcť PEPP poskytovať. Prenosnosť produktu. Investičné možnosti v záujme sporiteľov. Podmienky sporiacej a výplatnej fázy. Otázka krytia biometrických rizík. Nárok sporiteľov na informácie. | ||
| 610 | 2 | 0 | |a dôchodky starobné |
| 610 | 2 | 0 | |a sporenie dôchodkové |
| 610 | 2 | 0 | |a investície |
| 610 | 2 | 0 | |a poisťovne |
| 610 | 2 | 0 | |a banky |
| 610 | 2 | 0 | |a inštitúcie finančné |
| 610 | 2 | 0 | |a Európska únia |
| 100 | 1 | |a Jurkovičová, Monika | |